00504nam a2200193 a 4500001001300000003000900013005001700022008004100039020001000080082001300090100003000103245003000133260004000163300000900203500003500212505001000247650002300257700003000280nice12345678IN_TiNIC20260116012605.0050524s1985 hyda grp 000 0 eng  ac10000a297bMOH aMohiuddin, Mohammed Nizam aBasic Principles of Islam aHyderabadbRajeswari Printersc1985 a127p aincludes index and biblioraphy2 aIndex aIslam-Meccan Trade1 aMohiuddin, Mohammed Nizam